000 00479nam a22001697a 4500
005 20221219155133.0
008 221219b |||||||| |||| 00| 0 eng d
020 _a978--93-83992-50-8
041 _aeng
082 _a630.72-KHA-C
100 _aKHAN ,Dr. NAUSHAD AND D, Dr DIGVIJAY
_97396
245 _aCLIMATE SCIENCE (PRINCIPLES AND ITS APPLICATIONS ON AGRICULTURE)
250 _a1st ed.
260 _aNEW DELHI
_bBHAVYA BOOKS
_c2021
300 _a276;P.
942 _cBK
999 _c8118
_d8116